Science Quiz

Random Science or Discovery Quiz
Score 0/18 Timer 03:00
1 Play Today
Scrambled Physicist Unscrambled Physicist % Correct
CAISA NOWTENIsaac Newton (1642-1727)
80.5%
AXM CLAKPNMax Planck (1858-1947)
80.5%
LINES HORBNiels Bohr (1885-1962)
72.2%
ERMIA EUCIRMarie Curie (1867-1934)
67.2%
DROL VINKLELord Kelvin (1824-1907)
55.6%
J.J. MOSTHONJ.J. Thomson (1856-1940)
52.3%
MEJAS CHICKWADJames Chadwick (1891-1974)
49.3%
BLATER SINETINEAlbert Einstein (1885-1962)
48.9%
HEPNEST WHAGINKStephen Hawking (1942-2018)
46.1%
Scrambled Physicist Unscrambled Physicist % Correct
DRCHAIR FANNYMERichard Feynman (1918-1988)
42.4%
OLKAIN STEALNikola Tesla (1856-1943)
39.2%
TENERS DOURTHFERRErnest Rutherford (1871-1937)
38.7%
COINARMMarconi (1874-1937)
38.1%
ROSEASLAND ATLOVAlessandro Volta (1745-1827)
32.6%
WINER DORRECHINGSErwin Schrodinger (1887-1961)
28.8%
ARULA ISABSLaura Bassi (1711-1778)
22.2%
NEWERR GREENHIBESWerner Heisenberg (1901-1976)
19.8%
NANOD CALDRINKSTDonna Strickland (1959-)
6.1%
Remove Ads.
Support Sporcle.
Get the best of Sporcle when you Go Orange. This ad-free experience offers more features, more stats, and more fun while also helping to support Sporcle. Thank you for becoming a member.

You're not logged in!

Compare scores with friends on all Sporcle quizzes.
OR
Log In

Show Comments

Extras

Top Quizzes Today


Score Distribution

Your Account Isn't Verified!

In order to create a playlist on Sporcle, you need to verify the email address you used during registration. Go to your Sporcle Settings to finish the process.

Report this User

Report this user for behavior that violates our Community Guidelines.

Details: